000 nam a22 7a 4500
999 _c147167
_d147165
005 20190221103416.0
008 190221b mx ||||| |||| 00| 0 spa d
020 _a9700771679
050 0 4 _aKGF1980
_bM46 2007
100 1 _aMendizábal Bermúdez, Gabriela.
245 1 3 _aLa seguridad Social en México
_c/ Gabriela Mendizábal Bermúdez ; prólogo Ángel Guillermo Ruiz Moreno.
250 _a1a ed.
260 _aMéxico :
_bPorrúa,
_c2007.
300 _axxvi, 476 p. ;
_c23 cm.
504 _aBibliografía : 463-476.
650 7 _2lemb
_aSeguridad social
_xLeyes y legislación
_zMéxico
700 1 _aRuiz Moreno, Ángel Guillermo,
_eprologuista
942 _2lcc
_cLIB